Công nghệ gen

Gespeichert in:
Bibliographische Detailangaben
1. Verfasser: Nguyễn, Đức Lượng
Format: Buch
Sprache:Undetermined
Veröffentlicht: Thành phố Hồ Chí Minh Nxb. Đại học Quốc gia Thành phố Hồ Chí Minh 2002
Schlagworte:
Tags: Tag hinzufügen
Keine Tags, Fügen Sie den ersten Tag hinzu!
Thư viện lưu trữ: Trung tâm Học liệu Trường Đại học Cần Thơ
LEADER 00623nam a2200181Ia 4500
001 CTU_57112
008 210402s9999 xx 000 0 und d
020 |b 44000 
082 |a 660.65 
082 |b L561 
100 |a Nguyễn, Đức Lượng 
245 0 |a Công nghệ gen 
245 0 |c Nguyễn Đức Lượng 
260 |a Thành phố Hồ Chí Minh 
260 |b Nxb. Đại học Quốc gia Thành phố Hồ Chí Minh 
260 |c 2002 
650 |a Microbial genetic engineering,Genetic tranformation,Genetic engineering 
980 |a Trung tâm Học liệu Trường Đại học Cần Thơ